MARC details
| 000 -LEADER |
| fixed length control field |
03276cam a2200649 i 4500 |
| 001 - CONTROL NUMBER |
| control field |
on1152391355 |
| 003 - CONTROL NUMBER IDENTIFIER |
| control field |
OCoLC |
| 005 - DATE AND TIME OF LATEST TRANSACTION |
| control field |
20220131151818.0 |
| 008 - FIXED-LENGTH DATA ELEMENTS--GENERAL INFORMATION |
| fixed length control field |
200421s2021 nyu d 000 f eng |
| 010 ## - LIBRARY OF CONGRESS CONTROL NUMBER |
| LC control number |
2020016455 |
| 020 ## - INTERNATIONAL STANDARD BOOK NUMBER |
| International Standard Book Number |
9781534448667 |
| Qualifying information |
hardcover |
| 020 ## - INTERNATIONAL STANDARD BOOK NUMBER |
| International Standard Book Number |
1534448667 |
| Qualifying information |
hardcover |
| 035 ## - SYSTEM CONTROL NUMBER |
| System control number |
(OCoLC)1152391355 |
| Canceled/invalid control number |
(OCoLC)1201300310 |
| -- |
(OCoLC)1242953610 |
| -- |
(OCoLC)1262563409 |
| -- |
(OCoLC)1263213881 |
| -- |
(OCoLC)1263215009 |
| 040 ## - CATALOGING SOURCE |
| Original cataloging agency |
DLC |
| Language of cataloging |
eng |
| Description conventions |
rda |
| Transcribing agency |
DLC |
| Modifying agency |
YDX |
| -- |
BDX |
| -- |
ORX |
| -- |
OCLCO |
| -- |
OCLCF |
| -- |
WIQ |
| -- |
OTP |
| -- |
LNC |
| -- |
GK8 |
| -- |
OCO |
| -- |
OCLCO |
| -- |
ILC |
| -- |
OCLCO |
| -- |
UIU |
| -- |
JTH |
| -- |
UAB |
| -- |
UIU |
| -- |
YDX |
| -- |
SRC |
| -- |
CLE |
| -- |
FMA |
| -- |
JRG |
| -- |
TCH |
| -- |
UOK |
| 042 ## - AUTHENTICATION CODE |
| Authentication code |
pcc |
| -- |
lcac |
| 049 ## - LOCAL HOLDINGS (OCLC) |
| Holding library |
UOKA |
| 050 00 - LIBRARY OF CONGRESS CALL NUMBER |
| Classification number |
PZ7.1.V4 |
| Item number |
How 2021 |
| 050 #4 - LIBRARY OF CONGRESS CALL NUMBER |
| Classification number |
PS3622.A8285 |
| Item number |
H69 2021 |
| 082 04 - DEWEY DECIMAL CLASSIFICATION NUMBER |
| Classification number |
813/.6 |
| Edition number |
23 |
| 082 00 - DEWEY DECIMAL CLASSIFICATION NUMBER |
| Classification number |
[Fic] |
| Edition number |
23 |
| 092 ## - LOCALLY ASSIGNED DEWEY CALL NUMBER (OCLC) |
| Classification number |
young adult fiction |
| Item number |
Gilliland |
| 100 1# - MAIN ENTRY--PERSONAL NAME |
| Personal name |
Vasquez Gilliland, Raquel |
| Relator term |
author. |
| 9 (RLIN) |
6439680 |
| 245 10 - TITLE STATEMENT |
| Title |
How Moon Fuentez fell in love with the universe / |
| Statement of responsibility, etc |
Raquel Vasquez Gilliland. |
| 250 ## - EDITION STATEMENT |
| Edition statement |
First edition. |
| 264 #1 - Production, Publication, Distribution, Manufacture, and Copyright Notice. |
| Place of production, publication, distribution, manufacture |
New York : |
| Name of producer, publisher, distributor, manufacturer |
Simon & Schuster BFYR, |
| Date of production, publication, distribution, manufacture, or copyr |
[2021] |
| 300 ## - PHYSICAL DESCRIPTION |
| Extent |
421 pages ; |
| Dimensions |
22 cm |
| 336 ## - Content Type |
| Content type term |
text |
| 337 ## - Media type |
| Media type term |
unmediated |
| 338 ## - Carrier type |
| Carrier type term |
volume |
| 520 ## - SUMMARY, ETC. |
| Summary, etc |
When seventeen-year-old Star Fuentez reaches social media stardom, her polar-opposite twin, Moon, becomes "merch girl" on a tour bus full of beautiful influencers and the grumpy but attractive Santiago Philips. |
| 520 ## - SUMMARY, ETC. |
| Summary, etc |
When her twin sister reaches social media stardom, Moon Fuentez accepts her fate to be nothing more than her sister's camerawoman. Then Moon takes a summer job as the "merch girl" on a tour bus full of beautiful influencers and her fate begins to shift in the best way possible. Most notable is her bunkmate and new nemesis, Santiago Phillips, who is grumpy, combative, and also the hottest guy Moon has ever seen. As chance, destiny, and proximity bring the two of them in each other's perpetual paths, Moon starts to question her destiny as the unnoticed, unloved wallflower she always thought she was. -- adapted from jacket |
| 521 ## - TARGET AUDIENCE NOTE |
| Target audience note |
Ages 14 up. |
| Source |
Simon Pulse. |
| 521 ## - TARGET AUDIENCE NOTE |
| Target audience note |
Grades 10-12. |
| Source |
Simon Pulse. |
| 586 ## - AWARDS NOTE |
| Awards note |
Pura Belpré Young Adult Author Award Winner, <br/>2022 |
| 650 #0 - SUBJECT ADDED ENTRY--TOPICAL TERM |
| Topical term or geographic name as entry element |
Sisters |
| Form subdivision |
Fiction |
| 9 (RLIN) |
5674091 |
| 650 #0 - SUBJECT ADDED ENTRY--TOPICAL TERM |
| Topical term or geographic name as entry element |
Pura Belpré Award |
| 9 (RLIN) |
6365023 |
| 650 #0 - SUBJECT ADDED ENTRY--TOPICAL TERM |
| Topical term or geographic name as entry element |
Culturally authentic literature |
| Form subdivision |
Young adult book |
| 9 (RLIN) |
6439681 |
| 650 #0 - SUBJECT ADDED ENTRY--TOPICAL TERM |
| Topical term or geographic name as entry element |
Twins |
| Form subdivision |
Fiction |
| 9 (RLIN) |
5674236 |
| 650 #0 - SUBJECT ADDED ENTRY--TOPICAL TERM |
| Topical term or geographic name as entry element |
Social media |
| Form subdivision |
Fiction. |
| 9 (RLIN) |
5730663 |
| 650 #0 - SUBJECT ADDED ENTRY--TOPICAL TERM |
| Topical term or geographic name as entry element |
Popularity |
| Form subdivision |
Fiction |
| 9 (RLIN) |
5689247 |
| 650 #0 - SUBJECT ADDED ENTRY--TOPICAL TERM |
| Topical term or geographic name as entry element |
Dating (Social customs) |
| Form subdivision |
Fiction |
| 9 (RLIN) |
5675717 |
| 650 #0 - SUBJECT ADDED ENTRY--TOPICAL TERM |
| Topical term or geographic name as entry element |
Hispanic Americans |
| Form subdivision |
Fiction |
| 9 (RLIN) |
5692790 |
| 650 #0 - SUBJECT ADDED ENTRY--TOPICAL TERM |
| Topical term or geographic name as entry element |
Sisters |
| Form subdivision |
Juvenile fiction |
| 9 (RLIN) |
5674652 |
| 650 #0 - SUBJECT ADDED ENTRY--TOPICAL TERM |
| Topical term or geographic name as entry element |
Social media |
| Form subdivision |
Juvenile fiction. |
| 9 (RLIN) |
5730665 |
| 650 #1 - SUBJECT ADDED ENTRY--TOPICAL TERM |
| Topical term or geographic name as entry element |
Sisters |
| Form subdivision |
Fiction. |
| 9 (RLIN) |
5674091 |
| 650 #1 - SUBJECT ADDED ENTRY--TOPICAL TERM |
| Topical term or geographic name as entry element |
Twins |
| Form subdivision |
Fiction. |
| 9 (RLIN) |
5674236 |
| 650 #1 - SUBJECT ADDED ENTRY--TOPICAL TERM |
| Topical term or geographic name as entry element |
Popularity |
| Form subdivision |
Fiction. |
| 9 (RLIN) |
5689247 |
| 650 #1 - SUBJECT ADDED ENTRY--TOPICAL TERM |
| Topical term or geographic name as entry element |
Social media |
| Form subdivision |
Fiction. |
| 9 (RLIN) |
5730663 |
| 650 #1 - SUBJECT ADDED ENTRY--TOPICAL TERM |
| Topical term or geographic name as entry element |
Dating (Social customs) |
| Form subdivision |
Fiction. |
| 9 (RLIN) |
5675717 |
| 650 #1 - SUBJECT ADDED ENTRY--TOPICAL TERM |
| Topical term or geographic name as entry element |
Photography |
| Form subdivision |
Fiction. |
| 9 (RLIN) |
5675334 |
| 650 #1 - SUBJECT ADDED ENTRY--TOPICAL TERM |
| Topical term or geographic name as entry element |
Hispanic Americans |
| Form subdivision |
Fiction. |
| 9 (RLIN) |
5692790 |
| 650 #0 - SUBJECT ADDED ENTRY--TOPICAL TERM |
| Topical term or geographic name as entry element |
Twin sisters |
| Form subdivision |
Fiction. |
| 9 (RLIN) |
5745538 |
| 650 #0 - SUBJECT ADDED ENTRY--TOPICAL TERM |
| Topical term or geographic name as entry element |
Internet personalities |
| Form subdivision |
Fiction. |
| 9 (RLIN) |
5732001 |
| 655 #7 - INDEX TERM--GENRE/FORM |
| Genre/form data or focus term |
Romance fiction |
| Source of term |
lcgft |
| 655 #7 - INDEX TERM--GENRE/FORM |
| Genre/form data or focus term |
Novels |
| Source of term |
lcgft |
| 942 ## - ADDED ENTRY ELEMENTS (KOHA) |
| Source of classification or shelving scheme |
Dewey Decimal Classification |
| Koha item type |
BOOK |